Semantic Issues in E-Commerce Systems : IFIP TC2 / WG2.6 Ninth Working Conference on Database Semantics April 25-28, 2001, Hong Kong /

Semantic Issues in e-Commerce Systems comprises the proceedings of the Ninth Working Conference on Database Semantics, which was sponsored by the International Federation for Information Processing (IFIP) and held in Hong Kong in April 2001. This volume will be essential for researchers and practiti...

Full description

Bibliographic Details
Main Author: Meersman, R.
Corporate Author: SpringerLink (Online service)
Other Authors: Aberer, Karl, Dillon, Tharam
Format: eBook
Language:English
Published: Boston, MA : Springer US : Imprint: Springer, 2003.
Series:IFIP -- The International Federation for Information Processing, ; 111.
Subjects:
Online Access:Connect to the full text of this electronic book

MARC

Tag First Indicator Second Indicator Subfields
LEADER 00000cam a2200000Ma 4500
001 in00003540639
006 m o d
007 cr nn|||||||||
008 121227s2003 mau o 000 0 eng d
005 20260421174357.5
020 |a 9780387356587 (electronic bk.) 
020 |a 0387356584 (electronic bk.) 
020 |z 0387356584 
020 |a 9781475710359 (print) 
020 |a 1475710356 (print) 
024 7 |a 10.1007/978-0-387-35658-7  |2 doi 
035 |a (OCoLC)840276442 
040 |a I9W  |b eng  |c I9W  |d UV0  |d OCLCO  |d GW5XE  |d OCLCF  |d COO  |d UtOrBLW 
049 |a TXAM 
050 4 |a QA76.9.D35 
082 0 4 |a 005.74  |2 23 
100 1 |a Meersman, R. 
245 1 0 |a Semantic Issues in E-Commerce Systems :  |b IFIP TC2 / WG2.6 Ninth Working Conference on Database Semantics April 25-28, 2001, Hong Kong /  |c edited by Robert Meersman, Karl Aberer, Tharam Dillon. 
264 1 |a Boston, MA :  |b Springer US :  |b Imprint: Springer,  |c 2003. 
300 |a 1 online resource (360 pages) 
336 |a text  |b txt  |2 rdacontent 
337 |a computer  |b c  |2 rdamedia 
338 |a online resource  |b cr  |2 rdacarrier 
490 1 |a IFIP -- The International Federation for Information Processing, 1868-4238 ;  |v 111 
505 0 |a Preface -- Committees, Reviewers and Sponsors -- Session I: Contracts. 1 -- Session II: Security Issues -- Session III: Process Interoperability -- Session IV: Semantics Mining -- Session V: Using Metadata for Integration -- Session VI: Service Integration -- Session VII: Application Modeling -- Author Index. 
520 |a Semantic Issues in e-Commerce Systems comprises the proceedings of the Ninth Working Conference on Database Semantics, which was sponsored by the International Federation for Information Processing (IFIP) and held in Hong Kong in April 2001. This volume will be essential for researchers and practitioners working in the areas of database management, information retrieval and data mining, and user interfaces, as applied to e-commerce. 
500 |a Electronic resource. 
650 0 |a Computer science. 
650 0 |a Data structures (Computer science) 
650 0 |a Information storage and retrieval systems. 
650 7 |a Computer science.  |2 fast  |0 (OCoLC)fst00872451 
650 7 |a Data structures (Computer science)  |2 fast  |0 (OCoLC)fst00887978 
650 7 |a Information storage and retrieval systems.  |2 fast  |0 (OCoLC)fst00972781 
655 7 |a Electronic books.  |2 local 
700 1 |a Aberer, Karl. 
700 1 |a Dillon, Tharam. 
710 2 |a SpringerLink (Online service) 
776 1 8 |i Printed edition:  |z 9781475710359 
830 0 |a IFIP -- The International Federation for Information Processing, ;  |v 111. 
856 4 0 |u http://proxy.library.tamu.edu/login?url=https://link.springer.com/10.1007/978-0-387-35658-7  |z Connect to the full text of this electronic book  |t 0 
994 |a 92  |b TXA 
999 |a MARS 
999 f f |s cf10556d-7f6c-376f-8446-8ed5ca6a3970  |i 70b37e13-7a43-3dbd-b7d5-d8e74e8a090e  |t 0 
952 f f |a Texas A&M University  |b College Station  |c Electronic Resources  |s www_evans  |d Available Online  |t 0  |e QA76.9.D35  |h Library of Congress classification 
998 f f |a QA76.9.D35  |t 0  |l Available Online